Innervation des muscles du membre inférieur - Statistiques

Statistiques générales
  • Ce quiz a été pris 108 fois
  • Le résultat moyen est 22 sur 49
Statistiques - réponses
Muscle Innervation % Correct
droit fémoral nerf fémoral
68%
grand fessier nerf glutéal inférieur
68%
vaste medial nerf fémoral
65%
vaste latéral nerf fémoral
65%
veste intermédiaire nerf fémoral
65%
petit fessier nerf glutéal supérieur
65%
sartorius nerf fémoral
61%
moyen fessier nerf glutéal supérieur
60%
long adducteur nerf obturateur
60%
court adducteur nerf obturateur
58%
gracile nerf obturateur
58%
triceps sural nerf tibial
58%
iliaque nerf fémoral
54%
grand adducteur nerf obturateur
54%
poplité nerf tibial
54%
tibial postérieur nerf tibial
54%
long fibulaire nerf fibulaire superficiel
53%
court fibulaire nerf fibulaire superficiel
53%
long fléchisseur des orteils nerf tibial
53%
3ème fibulaire nerf fibulaire superficiel
51%
piriforme nerf du piriforme
49%
tibial antérieur nerf fibulaire profond
49%
LEH nerf fibulaire profond
49%
LEO nerf fibulaire profond
49%
semi membraneux nerf ischiatique
49%
long fléchisseur du 1 nerf tibial
49%
semi tendineux nerf ischiatique
47%
biceps fémoral nerf ischiatique
46%
pectiné nerf fémoral
40%
TFL nerf glutéal supérieur
40%
ADD du 1 nerf plantaire latéral
37%
ABD du 5 nerf plantaire latéral
37%
court fléchisseur du 5 nerf plantaire latéral
37%
opposant du 5 nerf plantaire latéral
37%
ABD du 1 nerf plantaire médial
37%
court fléchisseur des orteils nerf plantaire médial
37%
CEO nerf fibulaire profond
35%
interosseux plantaires nerf plantaire latéral
35%
obturateur externe nerf de l'obturateur externe
33%
obturateur interne nerf de l'obturateur interne
33%
carré plantaire nerf plantaire latéral
33%
CEH nerf fibulaire profond
32%
CFH nerf plantaire médial
32%
interosseux dorsaux nerf plantaire latéral
28%
jumeau supérieur nerf du jumeau sup
26%
lombricaux nerf plantaire latéral et médial
25%
carré fémoral nerf du jumeau inf / nerf du carré fémoral
23%
psoas nerf du psoas
21%
jumeau inférieur nerf du jumeau inf / nerf du carré fémoral
19%
Aucun quiz correspondant
Distribution des résultats
% des personnes avec chaque résultat
Percentile par nombre de réponses
Votre historique - résultats
Vous n’avez pas pris ce quiz